| 000 | 01869cam a22004094a 4500 | ||
|---|---|---|---|
| 001 | 000019046 | ||
| 005 | 20200929165917.0 | ||
| 008 | 020916m20012002it a b f001 0aita | ||
| 010 | _a2003394147 | ||
| 020 | _a8871252012 | ||
| 035 | _a(OCoLC)ocm50613103 | ||
| 040 |
_aDO-SdBNP _cDLC _dDLC |
||
| 041 | 0 | _aitafrespa | |
| 042 | _apcc | ||
| 043 |
_ae-it--- _ae-sp--- |
||
| 045 | _av0w1 | ||
| 050 | 0 | 0 |
_aDP199 _b.C48 2001 |
| 100 | 0 |
_aCharles _bIII, _cKing of Spain, _d1716-1788. _940973 |
|
| 245 | 1 | 0 |
_aLettere ai sovrani di Spagna / _cCarlo di Borbone ; a cura di Imma Ascione. |
| 260 |
_aRoma : _bMinistero per i beni e le attivita culturali, Direzione generale per gli archivi, _c2001-2002. |
||
| 300 |
_a3 v. : _bill. (some col.) ; _c25 cm. |
||
| 490 | 1 |
_aPubblicazioni degli archivi di Stato. _aFonti ; _v34, 37, 40 |
|
| 546 | _aItalian, French, and Spanish. | ||
| 500 | _a"Il volume e pubblicato in coedizione con la Societa napoletana di storia patria. La ricera e stata realizzata dall'Universita 'Federico II' di Napoli con il contributo finanziario della Direzione generale per gli archivi"--P. opp. t.p. | ||
| 504 | _aIncludes bibliographical references and indexes. | ||
| 505 | 1 | _a1. 1720-1734 -- 2. 1735-1739 -- 3. 1740-1744. | |
| 600 | 0 | 0 |
_aCharles _bIII, _cKing of Spain, _d1716-1788 _vCorrespondence. _940974 |
| 651 | 0 |
_aSpain _xKings And Rulers _vCorrespondence. _940975 |
|
| 651 | 0 |
_aNaples (Kingdom{Rpara} _xKings And Rulers _vCorrespondence. _940976 |
|
| 651 | 0 |
_aSpain _xHistory _yPhilip V, 1700-1746 _vSources. _940977 |
|
| 651 | 0 |
_aNaples (Kingdom{Rpara} _xHistory _y1735-1816 _vSources. _940978 |
|
| 700 | 1 |
_aAscione, Imma. _940979 |
|
| 710 | 2 |
_aUniversita di Napoli. _940980 |
|
| 830 | 0 |
_aPubblicazioni degli archivi di Stato (Unnumbered). _pFonti ; _v34, 37, 40. _940981 |
|
| 910 | _aCatalogación derivada / LC | ||
| 082 | 0 | 0 |
_a945/7307/092 _222 |
| 999 |
_c18564 _d18564 |
||